000 00308nam a2200109Ia 4500
008 221009s9999 xx 000 0 und d
082 _a934/SHA
100 _aSharma , Ram Sharan
_916756
245 0 _aAspects Of Political Ideas And Institutions In Ancient India
260 _bMotilal Banarasidass
942 _cBK
999 _c64812
_d64812